000 00393nam a22001577a 4500
003 OSt
005 20211012172500.0
008 211012b |||||||| |||| 00| 0 eng d
020 _a9788174092304
040 _cHU
082 _a363.71
100 _aSewage disposal and air pollution engineering.
_913038
245 _aGarg, Santosh Kumar
300 _a1080P
_bPC
_c23CM
942 _2ddc
_cBOOKS
_n0
999 _c12154
_d12154